Rap Album Covers - Statistics

General Stats
  • This quiz has been taken 7,296 times
  • The average score is 19 of 24
Answer Stats
Picture Answer % Correct
DAMN.
93%
To Pimp A Butterfly
92%
The Chronic
89%
Illmatic
88%
Ready to Die
87%
All Eyez On Me
86%
good kid, m.A.A.d city
85%
The College Dropout
85%
Enter the Wu-Tang (36 Chambers)
84%
Late Registration
84%
Straight Outta Compton
83%
Get Rich or Die Tryin'
82%
Reasonable Doubt
81%
The Miseducation of Lauryn Hill
81%
Yeezus
81%
2001
80%
The Blueprint
80%
The Low End Theory
78%
The Slim Shady LP
73%
Doggystyle
70%
Madvillainy
69%
My Beautiful Dark Twisted Fatasy
67%
The Marshall Mathers LP
64%
Stankonia
58%
No matching quizzes found
Score Distribution
Percent of People with Each Score
Percentile by Number Answered
Your Score History
You have not taken this quiz